000
003070000a22001450004500
003
MACL
040
_a
MACL
090
_c
4761
_d
4760
100
_a
Thandavan, R
245
_a
Ethic Movement In India
260
_b
Kanishka Publishing House
_c
1993
350
_a
300
650
_a
Sociology
942
_c
BOOK
_k
300
999
_c
4723
_d
4723